| 000 | 00426nam a2200157Ia 4500 | ||
|---|---|---|---|
| 008 | 160316s1982 xxu||||| |||| 00| 0 eng d | ||
| 082 |
_a378.155020 _bAIU |
||
| 100 | _a | ||
| 245 | _aMonograph on syllabus analysis and restructuring | ||
| 250 | _a | ||
| 260 |
_aNew Delhi _bAssociation of Indian Universities _c1982 |
||
| 300 |
_a132p _b20 cm _c |
||
| 365 | _bRs.10 | ||
| 650 | _a1.Syllabus analysis-Universities | ||
| 700 |
_a _a |
||
| 999 |
_c243 _d243 |
||